Catálogo

Ciencia y fe : (Registro nro. 54577)

Detalles MARC
000 -LEADER
fixed length control field 00827nam a2200277 a 4500
001 - CONTROL NUMBER
control field 54577
003 - CONTROL NUMBER IDENTIFIER
control field Mx-PuUPA
005 - DATE AND TIME OF LATEST TRANSACTION
control field 20190701091819.0
008 - FIXED-LENGTH DATA ELEMENTS--GENERAL INFORMATION
fixed length control field 140415s2004 sp 000 0 spa d
020 ## - INTERNATIONAL STANDARD BOOK NUMBER
International Standard Book Number 8493402354
040 ## - CATALOGING SOURCE
Transcribing agency Mx-PuUPA
041 ## - LANGUAGE CODE
Language code of text/sound track or separate title spa
082 0# - DEWEY DECIMAL CLASSIFICATION NUMBER
Classification number 261.55
Item number CAR
100 1# - MAIN ENTRY--PERSONAL NAME
Personal name Carreira, Manuel
Relator term autor
245 10 - TITLE STATEMENT
Title Ciencia y fe :
Remainder of title ¿relaciones de complementariedad? /
Statement of responsibility, etc. Manuel Carreira, director de la colección, Pablo Cervera.
250 ## - EDITION STATEMENT
Edition statement 1a ed.
260 ## - PUBLICATION, DISTRIBUTION, ETC.
Place of publication, distribution, etc. España :
Name of publisher, distributor, etc. Voz de papel,
Date of publication, distribution, etc. 2004.
300 ## - PHYSICAL DESCRIPTION
Extent 240 páginas ;
Dimensions 21 cm.
336 ## - CONTENT TYPE
Content type term texto
Source rdacontent
337 ## - MEDIA TYPE
Media type term sin mediación
Source rdamedia
338 ## - CARRIER TYPE
Carrier type term volumen
Source rdacarrier
490 0# - SERIES STATEMENT
Series statement Iniciación filosófica
Volume/sequential designation 2
650 14 - SUBJECT ADDED ENTRY--TOPICAL TERM
Topical term or geographic name entry element Religión y ciencia
700 1# - ADDED ENTRY--PERSONAL NAME
Personal name Cervera, Pablo
Relator term director de la colección
942 ## - ADDED ENTRY ELEMENTS (KOHA)
Source of classification or shelving scheme Dewey Decimal Classification
Koha item type Libro
Existencias
Withdrawn status Lost status Source of classification or shelving scheme Damaged status Not for loan Collection code Home library Current library Shelving location Date acquired Source of acquisition Inventory number Total Checkouts Full call number Barcode Date last seen Price effective from Koha item type
    Dewey Decimal Classification     General Centro de Estudios en Ciencia y Religión Centro de Estudios en Ciencia y Religión Sala general 04/02/2015 Compra 151000000000000000077991   215 CAR 2004 86417 05/01/2026 20/11/2015 Libro
    Dewey Decimal Classification     General Centro de Estudios en Ciencia y Religión Centro de Estudios en Ciencia y Religión Sala general 03/12/2013 Compra 151000000000000000077990   261.55 CAR 81776 05/01/2026 15/06/2016 Libro